Statistics for Brand Logo Quiz #1

Click here to take the quiz!

General Stats

  • This quiz has been taken 61 times
  • The average score is 32 of 52

Answer Stats

Answer% Correct
Mercedes-Benz
83%
KFC
81%
Snickers
81%
Starbucks
81%
LEGO
79%
Wikipedia
79%
Amazon
77%
Apple
77%
Pepsi
77%
Pringles
77%
target
77%
X-Box
77%
Adidas
75%
Coca-Cola
75%
KitKat
75%
Pizza Hut
75%
Toyota
75%
BMW
73%
Hello Kitty
73%
JetPunk
73%
Samsung
73%
Shell
73%
Subway
73%
Whatsapp
73%
Tesla
71%
Hershey's
65%
Nissan
63%
reddit
63%
Cars
62%
Audi
60%
Moana
60%
Nestle Crunch
60%
Avengers
58%
Intel
58%
Nestle
58%
Excel
56%
Kellogg's
56%
Lamborghini
56%
Reese's
56%
Chick-Fil-A
52%
Monsters Inc
52%
IBM
46%
The North Face
46%
Atari
44%
Payday
35%
York
35%
Guess
33%
Jelly Belly
25%
Xerox
25%
Southwest
21%
Skoda Auto
15%
Top Gun
15%

Score Distribution

Percentile by Number Answered

Percent of People with Each Score

Your Score History

You have not taken this quiz